| 000 | 00379nam a2200145Ia 4500 | ||
|---|---|---|---|
| 008 | 240307s9999||||xx |||||||||||||| ||und|| | ||
| 020 | _a 9789388178952 | ||
| 082 |
_a615.19 _bYas/U |
||
| 100 | _aSultana,Yasmin | ||
| 245 | 0 | _aUnit Operations in Pharmaceutical Engineering | |
| 250 | _a1st Edition | ||
| 260 |
_aNew Delhi _bCbs Publishers _c2024 |
||
| 300 | _a207p. | ||
| 942 | _cBK | ||
| 999 |
_c43427 _d43427 |
||